| 000 | 00717nam0a22002531 4500 | ||
|---|---|---|---|
| 001 | rc\3726870 | ||
| 005 | 20130115153723.5 | ||
| 021 |
_aRU _b[74-93798] |
||
| 035 | _a(NLR Aleph) 007864098 | ||
| 090 |
_a7815380 _c7815380 |
||
| 100 | _a20130115d1974 |||y0rusy50 ca | ||
| 101 | 0 | _arus | |
| 102 | _aRU | ||
| 105 | _ay z ||||| | ||
| 200 | 1 | _aФакторы научного прогресса | |
| 210 |
_aВоронеж _cИзд-во Воронеж. ун-та _d1974 |
||
| 215 |
_a263 с. _d19 |
||
| 606 |
_aНаука _2psbo |
||
| 700 | 1 |
_aСичивица _bО. М. _gОлег Михайлович |
|
| 801 | 0 |
_aRU _bNLR _gpsbo |
|
| 801 | 1 |
_aRU _bELAR _2rusmarc |
|
| 852 |
_aNLR _j74-3/5437 |
||
| 942 | _cBOOK | ||
| 980 | _aNB | ||